00485nam a2200145Ia 4500008004100000082001800041100002500059245002000084260003900104300001000143600001500153942000700168952014700175999001700322250604s9999 xx 000 0 und d a891.43901 ANS aAnsari, Usloob Ahmed 0aAdab or Tanqeed aIlahbad:bSangam Publishers,c1968 a348p. aLiterature cGB 00104070aUITUbUITUcGIFd2025-06-04eGifted by Anonymousl0o891.43901 ANSpG223r2025-06-04 16:03:08w2025-06-04yGBzGifted by Anonymous c31390d31390